000 00328nam a2200145Ia 4500
008 230718s9999 xx 000 0 und d
041 _aEng.
082 _a343.04
_bBPP-F
100 _aBpp Learning
245 0 _aFramework Finance
260 _aPakistan
_bBpp Publisher
_c1988
300 _a366
650 _aLaw
999 _c27300
_d27300